AP Poll CFB Week 10 Rankings 2025-2026 - Statistics

General Stats
  • This quiz has been taken 160 times
  • The average score is 18 of 25
Answer Stats
Rank Team Votes % Correct
1. Ohio State 1633
100%
20. Texas 371
98%
2. Indiana 1589
97%
5. Georgia 1359
95%
4. Alabama 1445
94%
3. Texas A&M 1523
93%
6. Oregon 1249
90%
10. Miami 1069
86%
21. Michigan 264
84%
7. Ole Miss 1212
83%
18. Oklahoma 485
78%
13. Texas Tech 876
78%
9. Vanderbilt 1098
74%
12. Notre Dame 944
70%
14. Tennessee 684
69%
8. Georgia Tech 1172
68%
23. USC 215
64%
10. BYU 1069
62%
15. Virginia 660
60%
19. Missouri 447
55%
25. Memphis 130
53%
24. Utah 162
50%
16. Louisville 647
48%
17. Cincinnati 609
37%
22. Houston 256
27%
No matching quizzes found
Score Distribution
Percent of People with Each Score
Percentile by Number Answered
Your Score History
You have not taken this quiz